Práctica notarial de contratos usuales : modelos según normativa nacional y local. 1 /

Guardado en:
Autor Principal: Urbaneja, Marcelo E.
Otros Autores: Etchegaray, Natalio Pedro, (prol.)
Formato: Libro
Idioma:Spanish
Publicado: Ciudad Autónoma de Buenos Aires : Astrea, 2014.
Edición:1a. ed.
Series:Derecho Aplicado
Materias:
Etiquetas: Agregar Etiqueta
Sin Etiquetas, Sea el primero en etiquetar este registro!
LEADER 01040nam a22002055a 4500
001 DER.der013952
008 190904s2014####ag#||||||||||||||#||spa||
005 20251223145114.0
245 1 0 |a Práctica notarial de contratos usuales :  |b modelos según normativa nacional y local.  |n 1 /  |c Marcelo Eduardo Urbaneja ; prólogo de Natalio Pedro Etchegaray. 
250 |a 1a. ed. 
260 |a Ciudad Autónoma de Buenos Aires :  |b Astrea,  |c 2014. 
300 |a 358 p. 
490 1 |a Derecho Aplicado 
505 0 |a Compraventa -- Donación -- Usufructo -- Hipóteca -- Fideicomiso 
505 0 |a Datos personales. Tradición. Parte material o indivisa. Cargo. Pago con cheque o CEDIN. Representación. Cautelares. tracto sucesivo abreviado. Reversión. Prohibiciones. Oferta y aceptación separadas. Hipotecas abiertas. Cancelación, división y reducción. Fideicomiso inmobiliario. 
100 1 |a Urbaneja, Marcelo E. 
700 1 |a Etchegaray, Natalio Pedro,  |e prol. 
650 7 |a CONTRATOS 
653 |a Prácticas 
859 |a DERECHO  |b BIB. DERECHO  |h 347.016  |i URB  |p 009115